Länder mit den meisten Touristen pro Kopf - Statistiken

Allgemein
  • Dieses Quiz wurde 14.563 mal gespielt
  • Das Durchschnittsergebnis liegt bei 10 aus 20
Antwortstatistiken
Verhältnis Land % Korrekt
0.88 Italien
84%
1.63 Spanien
83%
1.28 Frankreich
82%
> 5'000 Vatikanstadt
71%
1.10 Portugal
66%
8.73 Monaco
65%
2.21 Griechenland
63%
3.32 Österreich
62%
0.93 Niederlande
57%
36.6 Andorra
52%
3.28 Kroatien
50%
0.66 Belgien
49%
4.58 Malta
48%
5.39 Island
42%
3.78 Bahamas
32%
1.14 Tschechien
29%
3.22 Seychellen
25%
1.56 Ungarn
24%
0.86 Malaysia
15%
6.42 Palau
9%
Keine übereinstimmenden Quizze gefunden
Verteilung der Resultate
Anzahl Personen mit jedem Resultat
Perzentil nach korrekt beantworteten Fragen
Ihre Resultats-Entwicklung
Sie haben dieses Quiz noch nicht gespielt